书目信息 |
| 题名: |
太极剑入门
|
|
| 作者: | 李德印 编著 | |
| 分册: | ||
| 出版信息: | 北京 人民体育出版社 2005 |
|
| 页数: | 282页 | |
| 开本: | 19cm | |
| 丛书名: | ||
| 单 册: | ||
| 中图分类: | G852.24 | |
| 科图分类: | ||
| 主题词: | 剑术(武术)--套路(武术) , 剑术(武术) , 套路(武术) | |
| 电子资源: | ||
| ISBN: | 978-7-5009-2720-4 | |
| 000 | 00815nam0 2200277 45 | |
| 001 | 1130676140 | |
| 005 | 20110310095241.14 | |
| 010 | @a978-7-5009-2720-4@dCNY15.00 | |
| 100 | @a20110111e20092005ekmy0chiy0120 ea | |
| 101 | 0 | @achi |
| 102 | @aCN@b110000 | |
| 105 | @aa z 000yy | |
| 106 | @ar | |
| 200 | 1 | @a太极剑入门@ATai Ji Jian Ru Men@f李德印编著@FLi De Yin Bian Zhu |
| 205 | @a2版@b修订本 | |
| 210 | @a北京@c人民体育出版社@d2005@h2009 | |
| 215 | @a282页@c照片@d19cm | |
| 330 | @a本书介绍了剑术和太极剑的基本知识及三十二式太极剑与武当太极剑两个套路。 | |
| 606 | 0 | @a剑术(武术)@x套路(武术) |
| 606 | 0 | @a剑术(武术) |
| 606 | 0 | @a套路(武术) |
| 610 | 0 | @a太极剑 |
| 690 | @aG852.24@v4 | |
| 701 | 0 | @a李德印@ALi De Yin@4编著 |
| 801 | 0 | @aCN@bTANGWEI@c20110310 |
| 905 | @b0531139-43@dG852.24@e213=2@f5 | |
| 太极剑入门/李德印编著.-2版,修订本.-北京:人民体育出版社,2005(2009) |
| 282页:照片;19cm |
| ISBN 978-7-5009-2720-4:CNY15.00 |
| 本书介绍了剑术和太极剑的基本知识及三十二式太极剑与武当太极剑两个套路。 |
| ● |
| 相关链接 |
|
|
|
|
正题名:太极剑入门
索取号:G852.24/213=2
 
预约/预借
| 序号 | 登录号 | 条形码 | 馆藏地/架位号 | 状态 | 备注 |
| 1 | 0531139 | 205311394 | 第一样本阅览室/ [索取号:G852.24/213=2] | 在馆 | |
| 2 | 0531140 | 205311401 | 第四借阅区/ [索取号:G852.24/213=2] | 在馆 | |
| 3 | 0531141 | 205311410 | 第四借阅区/ [索取号:G852.24/213=2] | 在馆 | |
| 4 | 0531142 | 205311429 | 第四借阅区/ [索取号:G852.24/213=2] | 在馆 | |
| 5 | 0531143 | 205311438 | 密集书库-体育系/ [索取号:G852.24/213=2] | 在馆 |